00384nam a2200121Ia 4500008004100000245008200041260002400123260000900147300000700156650002300163650001200186856006400198170516s9999 xx 000 0 und d aRecent advances in bioengineering of the oleaginous yeast Yarrowia lipolytica bAIMS Bioengineering c2016 a:4 xMedical Technology xMedtech uhttp://www.aimspress.com/journal/Bioengineering/2016/4.html